000
00305nam a22001337a 4500
008
181029b xxu||||| |||| 00| 0 eng d
020
_a
9781305319813
041
_a
eng
080
_a
781
100
_a
45
101
_a
MUZ
245
_a
Music in Western Civilization Part II
_c
Wright,C
942
_2
udc
_c
BK
999
_c
50964
_d
50964